<?xml version="1.0" encoding="UTF-8"?>
<record
    xmlns:xsi="http://www.w3.org/2001/XMLSchema-instance"
    xsi:schemaLocation="http://www.loc.gov/MARC21/slim http://www.loc.gov/standards/marcxml/schema/MARC21slim.xsd"
    xmlns="http://www.loc.gov/MARC21/slim">

  <leader>00419nam a22001217a 4500</leader>
  <datafield tag="082" ind1=" " ind2=" ">
    <subfield code="a">345.5491023</subfield>
    <subfield code="b">DAR</subfield>
  </datafield>
  <datafield tag="100" ind1=" " ind2=" ">
    <subfield code="a">Dar, Sultan Mahmood</subfield>
  </datafield>
  <datafield tag="245" ind1=" " ind2=" ">
    <subfield code="a">Manual of Anti-Corruption Laws in Pakistan:</subfield>
    <subfield code="b">with all amendments and up to date case laws /</subfield>
    <subfield code="c">Sultan Mahmood Dar and Ch. Shahid Tabassam</subfield>
  </datafield>
  <datafield tag="260" ind1=" " ind2=" ">
    <subfield code="a">Lahore :</subfield>
    <subfield code="b">Imran Law Book House,</subfield>
    <subfield code="c">2020.</subfield>
  </datafield>
  <datafield tag="300" ind1=" " ind2=" ">
    <subfield code="a">808 p. ;</subfield>
    <subfield code="c">24 cm.</subfield>
  </datafield>
  <datafield tag="563" ind1=" " ind2=" ">
    <subfield code="a">HBK.</subfield>
  </datafield>
  <datafield tag="942" ind1=" " ind2=" ">
    <subfield code="2">ddc</subfield>
    <subfield code="c">BK</subfield>
  </datafield>
  <datafield tag="999" ind1=" " ind2=" ">
    <subfield code="c">592415</subfield>
    <subfield code="d">592415</subfield>
  </datafield>
  <datafield tag="952" ind1=" " ind2=" ">
    <subfield code="0">0</subfield>
    <subfield code="1">0</subfield>
    <subfield code="2">ddc</subfield>
    <subfield code="4">0</subfield>
    <subfield code="6">345_549102300000000_DAR</subfield>
    <subfield code="7">0</subfield>
    <subfield code="9">583900</subfield>
    <subfield code="a">NLS</subfield>
    <subfield code="b">NLS</subfield>
    <subfield code="c">LAW</subfield>
    <subfield code="d">2022-11-20</subfield>
    <subfield code="e">Pakistan Law Book</subfield>
    <subfield code="o">345.5491023 DAR</subfield>
    <subfield code="p">CL-1308</subfield>
    <subfield code="r">2022-11-20</subfield>
    <subfield code="w">2022-11-20</subfield>
    <subfield code="y">BK</subfield>
  </datafield>
  <datafield tag="952" ind1=" " ind2=" ">
    <subfield code="0">0</subfield>
    <subfield code="1">0</subfield>
    <subfield code="2">ddc</subfield>
    <subfield code="4">0</subfield>
    <subfield code="6">345_549102300000000_DAR</subfield>
    <subfield code="7">0</subfield>
    <subfield code="9">583901</subfield>
    <subfield code="a">NLS</subfield>
    <subfield code="b">NLS</subfield>
    <subfield code="c">LAW</subfield>
    <subfield code="d">2022-11-20</subfield>
    <subfield code="e">Pakistan Law Book</subfield>
    <subfield code="o">345.5491023 DAR</subfield>
    <subfield code="p">CL-1309</subfield>
    <subfield code="r">2022-11-20</subfield>
    <subfield code="w">2022-11-20</subfield>
    <subfield code="y">BK</subfield>
  </datafield>
  <datafield tag="952" ind1=" " ind2=" ">
    <subfield code="0">0</subfield>
    <subfield code="1">0</subfield>
    <subfield code="2">ddc</subfield>
    <subfield code="4">0</subfield>
    <subfield code="6">345_549102300000000_DAR</subfield>
    <subfield code="7">0</subfield>
    <subfield code="9">583902</subfield>
    <subfield code="a">NLS</subfield>
    <subfield code="b">NLS</subfield>
    <subfield code="c">LAW</subfield>
    <subfield code="d">2022-11-20</subfield>
    <subfield code="e">Pakistan Law Book</subfield>
    <subfield code="o">345.5491023 DAR</subfield>
    <subfield code="p">CL-1310</subfield>
    <subfield code="r">2022-11-20</subfield>
    <subfield code="w">2022-11-20</subfield>
    <subfield code="y">BK</subfield>
  </datafield>
  <datafield tag="952" ind1=" " ind2=" ">
    <subfield code="0">0</subfield>
    <subfield code="1">0</subfield>
    <subfield code="2">ddc</subfield>
    <subfield code="4">0</subfield>
    <subfield code="6">345_549102300000000_DAR</subfield>
    <subfield code="7">0</subfield>
    <subfield code="9">583903</subfield>
    <subfield code="a">NLS</subfield>
    <subfield code="b">NLS</subfield>
    <subfield code="c">LAW</subfield>
    <subfield code="d">2022-11-20</subfield>
    <subfield code="e">Pakistan Law Book</subfield>
    <subfield code="o">345.5491023 DAR</subfield>
    <subfield code="p">CL-1311</subfield>
    <subfield code="r">2022-11-20</subfield>
    <subfield code="w">2022-11-20</subfield>
    <subfield code="y">BK</subfield>
  </datafield>
  <datafield tag="952" ind1=" " ind2=" ">
    <subfield code="0">0</subfield>
    <subfield code="1">0</subfield>
    <subfield code="2">ddc</subfield>
    <subfield code="4">0</subfield>
    <subfield code="6">345_549102300000000_DAR</subfield>
    <subfield code="7">0</subfield>
    <subfield code="9">583904</subfield>
    <subfield code="a">NLS</subfield>
    <subfield code="b">NLS</subfield>
    <subfield code="c">LAW</subfield>
    <subfield code="d">2022-11-20</subfield>
    <subfield code="e">Pakistan Law Book</subfield>
    <subfield code="o">345.5491023 DAR</subfield>
    <subfield code="p">CL-1312</subfield>
    <subfield code="r">2022-11-20</subfield>
    <subfield code="w">2022-11-20</subfield>
    <subfield code="y">BK</subfield>
  </datafield>
</record>
